000 00344nam a2200133Ia 4500
008 210210b1971 xxu||||| |||| 00| 0 eng d
082 _a158.2 JAMB
100 _aJAMES (Muriel) and JONGEWARD (Dorothy).
245 _aBorn to win.
260 _aNY
_bNew American Library
_c1971
300 _a329
690 _aApplied Psychology
906 _a033985
999 _c85004
_d85004